| 000 | 00000nam##2200000za#4500 |
| 001 | 9.606718 |
| 003 | CaOODSP |
| 005 | 20250129103523 |
| 007 | cr ||||||||||| |
| 008 | 150406|2007||||xxc|||||o f|0| 0 fre|d |
| 040 | |aCaOODSP|bfre |
| 043 | |an-cn--- |
| 086 | 1 |aEn57-41/12-2007F-PDF |
| 110 | 2 |aService météorologique du Canada. |
| 245 | 10|aPlanification de la gestion des dangers atmosphériques et des catastrophes dans des conditions climatiques changeantes / |h[ressource électronique]|cpar Heather Auld, Don MacIver, Joan Klaasen, Neil Comer, et Bryan Tugwood. |
| 260 | |aToronto - Ontario : |bEnvironnement Canada. |c2007. |
| 300 | |a17p.|bgraphique, cartes, références, tableaux |
| 490 | 1 |aPapier occasionnel|v12 |
| 590 | |a14-08-Supp|b2014-04-10 |
| 775 | 08|tPlanning for atmospheric planning for hazards and disaster management under changing climate conditions / |w(CaOODSP)9.573367 |
| 830 | #0|aPapier occasionnel ;|v12|w(CaOODSP)9.504138 |
| 856 | 40|ahttp://publications.gc.ca|qPDF|s292 Ko|uhttps://publications.gc.ca/collections/collection_2014/ec/En57-41-12-2007-fra.pdf|y12 |